Organización y gestión de empresas

Guardado en:
Detalles Bibliográficos
Autor principal: Fernández Garitaonandía, Antonio
Formato: Libro
Lenguaje:español
Publicado: La Coruňa Universidade da Coruňa 2000
Materias:
Etiquetas: Agregar Etiqueta
Sin Etiquetas, Sea el primero en etiquetar este registro!

MARC

LEADER 00000nam a2200000 4500
001 c131705
005 20221221084541.0
020 |a 84-95322-64-1 
041 0 |a spa 
044 |a ES 
245 1 0 |a Organización y gestión de empresas  |c Antonio Fernández Garitaonandía 
264 1 |a La Coruňa  |b Universidade da Coruňa  |c 2000 
300 |a 501 s. 
610 2 0 |a riadenie podnikové 
610 2 0 |a štruktúra podniku finančná 
610 2 0 |a štruktúra podniku organizačná 
610 2 0 |a stratégia podniková 
610 2 0 |a spolupráca podnikov 
610 2 0 |a výroba 
610 2 0 |a marketing 
610 2 0 |a financie podnikové 
100 1 |a Fernández Garitaonandía, Antonio